000 00316nam a22001457a 4500
008 210308b ||||| |||| 00| 0 eng d
020 _a9781561592524
041 _aeng
080 _a37
082 _a37
100 _a46
101 _aEDU
245 _aGuide to Higher Education in Africa
_cAAU
942 _2udc
_cBK
999 _c56017
_d56017